000 00971nam a22002297a 4500
003 UA-OsUOA
001 51396
007 ta
008 20140904b un ||||| |||| 00| 0 ukr d
090 _a930.1
_bМ34
942 _cBK
040 _aUA-OsUOA
_bukr
_cUA-OsUOA
_dUA-OsUOA
245 _aМатеріали до розробки концепції діяльності Інституту української археографії
_bДо Всеукраїнської наради "Українська археографія сьогодні: проблеми і перспективи", Київ, 16-18 грудня 1992 р.
300 _a62 с.
955 _a1
041 _aukr
080 _a930.1
260 _aК.
_c1992
650 7 _a930 Історична наука. Допоміжні історичні дисципліни
_2UDC
999 _c431523
_d431523